000 00717nam a2200253 i 4500
001 000006100
003 DO-SdBNP
005 20250804111109.0
007 ta
008 250804s1996 dr 000 0 spa d
040 _aDO-SdBNP
_bspa
_cBNPHU
_erda
041 _hspa
082 _a152.4
_bR175c
_222
100 _aRamos, J. R.
_eautor
_988457
245 1 0 _aLa clave cómo vivir mejor y ser feliz /
_cJ. R. Ramos
264 _a[Ciudad desconocida] :
_bEditorial Vivir Mejor,
_c1996
300 _a189 páginas. ;
_c22 cm.
336 _ardacontent
_btexto
_2txt
337 _ardamedia
_bsin mediación
_2n
338 _ardacarrier
_bvolumen
_2nc
590 _aInventariado,2025/DG
910 _aDG
942 _2ddc
_cLBS1
999 _c59719
_d59719